Historia de las ciencias / (Record no. 17531)
[ view plain ]
| 000 -LEADER | |
|---|---|
| campo de control de longitud fija | 01244nam a2200277 i 4500 |
| 001 - NÚMERO DE CONTROL | |
| campo de control | 17531 |
| 003 - IDENTIFICADOR DE NÚMERO DE CONTROL | |
| campo de control | ES-MaACL |
| 005 - FECHA Y HORA DE LA ÚLTIMA TRANSACCIÓN | |
| campo de control | 20250804010206.0 |
| 007 - CAMPO FIJO DE DESCRIPCIÓN FÍSICA--INFORMACIÓN GENERAL | |
| campo de control de longitud fija | t| |
| 008 - DATOS DE LONGITUD FIJA--INFORMACIÓN GENERAL | |
| campo de control de longitud fija | 010327m19842001sp ||||1| spa d |
| 020 ## - NÚMERO INTERNACIONAL ESTÁNDAR DEL LIBRO | |
| Número Internacional Estándar del Libro | 84-206-9813-X |
| 080 ## - NÚMERO DE LA CLASIFICACIÓN DECIMAL UNIVERSAL | |
| Número de la Clasificación Decimal Universal | 001(091) |
| 100 1# - ENTRADA PRINCIPAL--NOMBRE DE PERSONA | |
| Nombre de persona | Mason, Stephen Finney. |
| 9 (RLIN) | 78768 |
| 245 10 - MENCIÓN DEL TÍTULO | |
| Título | Historia de las ciencias / |
| Mención de responsabilidad, etc. | Stephen F. Mason. |
| 260 ## - PUBLICACIÓN, DISTRIBUCIÓN, ETC. | |
| Lugar de publicación, distribución, etc. | Madrid : |
| Nombre del editor, distribuidor, etc. | Alianza Editorial, |
| Fecha de publicación, distribución, etc. | 1984-2001. |
| 300 ## - DESCRIPCIÓN FÍSICA | |
| Extensión | 5 v. ; |
| Dimensiones | 18 cm. |
| 490 1# - MENCIÓN DE SERIE | |
| Mención de serie | El libro de bolsillo ; |
| Designación de volumen o secuencia | 1062, 1080, 1106 |
| 490 1# - MENCIÓN DE SERIE | |
| Mención de serie | El libro de bolsillo. Ciencia y técnica ; |
| Designación de volumen o secuencia | 2508-2509 |
| 505 8# - NOTA DE CONTENIDO CON FORMATO | |
| Nota de contenido con formato | Contiene: 1. La ciencia antigua, la ciencia en Oriente y en la Europa medieval - 2. La revolución científica de los siglos XVI y XVII - 3. La ciencia del siglo XVIII, el desarrollo de las tradiciones científicas nacionales - 4. La ciencia del siglo XIX, agente del cambio industrial e intelectual - 5. La ciencia del siglo XX |
| 598 ## - NOTA LOCAL | |
| Nota local | Vol. 4-5: colección Ciencia y técnica. |
| 650 14 - PUNTO DE ACCESO ADICIONAL DE MATERIA--TÉRMINO DE MATERIA | |
| Término de materia o nombre geográfico como elemento de entrada | Ciencia- |
| Subdivisión de forma | Historia. |
| 9 (RLIN) | 10954 |
| 830 1# - PUNTO DE ACCESO ADICIONAL DE SERIE-TÍTULO UNIFORME | |
| Título uniforme | El libro de bolsillo ; |
| Designación de volumen o secuencia | 1062, 1080, 1106 |
| 9 (RLIN) | 177802 |
| 830 13 - PUNTO DE ACCESO ADICIONAL DE SERIE-TÍTULO UNIFORME | |
| Título uniforme | El libro de bolsillo. |
| Nombre de parte o sección de la obra | Ciencia y técnica |
| Designación de volumen o secuencia | 2508-2509 |
| 9 (RLIN) | 181079 |
| 852 ## - LOCALIZACIÓN | |
| Ubicación | ES-MaACL |
| Número de control de estantería | G-1714-18 |
| Estatus retirado | Estado de pérdida | Estado de daño | No para préstamo | Biblioteca de origen | Biblioteca actual | Ubicación en estantería | Fecha de adquisición | Fuente de adquisición | Total de préstamos | Signatura topográfica completa | Código de barras | Visto por última vez | Precio de reemplazo | Tipo de ítem Koha |
|---|---|---|---|---|---|---|---|---|---|---|---|---|---|---|
| Biblioteca del Ateneo de Madrid | Biblioteca del Ateneo de Madrid | Depósito 2 | 17/01/2008 | G-1714-18 | 1017885 | 23/02/2023 | 23/02/2023 | Libro impreso |
